Logo BPK

Biblioteka

Politechniki Koszalińskiej

Fenomen chrześcijaństwa : (Rekord nr 42493)

Szczegóły MARC
000 -ETYKIETA REKORDU
podpole kontrolne o stałej długości 00672nam a2200217 i 4500
001 - NUMER KONTROLNY REKORDU
pole kontrolne bg
020 ## - MIĘDZYNARODOWY ZNORMALIZOWANY NUMER KSIĄŻKI - ISBN
ISBN 838873136X
040 ## - ŹRÓDŁO KATALOGOWANIA
Instytucja, która utworzyła rekord BPK
041 0# - KOD JĘZYKA
Kod języka tekstu pol
080 ## - UNIWERSALNA KLASYFIKACJA DZIESIĘTNA - UKD
UKD 28(091)(093)
920 ## - Międzynarodowy znormalizowany numer książki – ISBN
ISBN 83-88731-36-X
008 - POLE O STAŁEJ DŁUGOŚCI - DANE KONTROLNE
podpole kontrolne o stałej długości s pl f |000 0 pol
100 1# - NAZWA OSOBOWA
Nazwa osobowa PATALON, Mirosław
245 10 - TYTUŁ/ODPOWIEDZIALNOŚĆ
Tytuł Fenomen chrześcijaństwa :
Ciąg dalszy tytułu wybór tekstów źródłowych /
Pozostałe elementy strefy tytułu i oznaczenia odpowiedzialności Mirosław Patalon ; Pomorska Akademia Pedagogiczna w Słupsku.
260 ## - STREFA ADRESU WYDAWNICZEGO
Miejsce wydania Słupsk :
Nazwa wydawcy/dystrybutora Wydaw. Uczelniane PAP,
Data publikacji, dystrybucji/powstania dokumentu 2001.
300 ## - STREFA OPISU FIZYCZNEGO
Objętość 280 s. ;
Rozmiary 21 cm.
504 ## - UWAGA DOTYCZĄCA BIBLIOGRAFII
Informacje o bibliografii Bibliogr.
650 #9 - HASŁO PRZEDMIOTOWE W FORMIE NAZWY OGÓLNEJ LUB JEDNOSTKOWEJ
Nazwa ogólna lub geograficzna Kościoły chrześcijańskie
Określnik ogólny historia
710 #0 - HASŁO DODATKOWE - NAZWA CIAŁA ZBIOROWEGO
Nazwa ciała zbiorowego lub jednostki geograficznej Pomorska Akademia Pedagogiczna (Słupsk)
856 ## - LOKALIZACJA I DOSTĘP DO ELEKTRONICZNYCH DOKUMENTÓW ZDALNYCH
Link (URL) http://koha.tu.koszalin.pl/cgi-bin/koha/opac-detail.pl?biblionumber=42493
Tekst linku Katalog online BPK
942 ## - DODATKOWE ELEMENTY (KOHA)
Typ dokumentu Książka
Egzemplarze
Wycofany Status egzemplarza Uszkodzony Dostępność Lokalizacja stała Lokalizacja bieżąca Miejsce przechowywania Sygnatura Kod kreskowy Ostatnio wypożyczono Typ dokumentu
      Dostępny Biblioteka Politechniki Koszalińskiej Biblioteka Politechniki Koszalińskiej Wypożyczalnia BG 66791 01981735 26.02.2016 Książka
© 2023 Biblioteka Politechniki Koszalińskiej :: KOHA